000 00911nam a22002417a 4500
001 52599
003 BD-RjUL
005 20211209075831.0
008 160922s1`95 bg ||||| |||| 00| 0 ben d
020 _c: TK 3.00
035 _a(BD-RjUL)
040 _aBD-RjUL
_bben
_cBD-RjUL
041 _aben
082 _223
_a954.03
_bBHS 1955
100 _aভট্রাচার্য, গোকুলেশ্বর
_9157311
245 1 0 _aস্বাধীনতার রক্তক্ষয়ী সংগ্রাম /
_c গোকুলেশ্বর ভট্রাচার্য
260 _aকলিকাতা
_bগুরুদাস
_c১৯৫৫ [১৩৬২]
300 _a খণ্ড. ;
_c১৮ সেমি.
505 1 _aখণ্ড ১ -- খণ্ড ২
650 _aইতিহাস
_zভারত
_9137239
650 _aHistory
_zIndia
_9157312
942 _2ddc
_cBK
999 _c52599
_d52599